000 01118cam a2200313 i 4500
001 28808
003 Mx-PuUPA
005 20260314114251.0
008 140415s1973 mx d gr 000 0 spa d
040 _cMx-PuUPA
_aMx-PuUPA
_bspa
_dMx-PuUPA
_erda
041 0 _aspa
043 _an-mx---
100 1 _aCalvo, Thomas,
_d1944-
_917910
_eautor
245 1 0 _aAcatzingo :
_bdemografía de una parroquia mexicana /
_cThomas calvo
264 1 _aMéxico, D.F. :
_bInstituto Nacional de Antropología e Historia,
_c1973
300 _a124 páginas :
_bgráficas, tablas ;
_c28 cm
336 _2rdacontent
_atexto
_btxt
337 _2rdamedia
_asin medio
_bn
338 _2rdacarrier
_avolumen
_bnc
490 0 _aColección Científica
490 0 _aHistoria ;
_v6
650 7 _2armarc
_aDemografía histórica
_zMéxico
650 7 _2armarc
_aPoblación
_zPuebla (México ; Estado)
_ySiglos XVII y XVIII
651 4 _aAcatzingo
_zMéxico
_xPoblación
_xHistoria
651 4 _aAcatzingo
_zPuebla
_xEstadística vital
_xHistoria
942 _2ddc
_cLI
_h972.48
_iC45
999 _c28808
_d28808